00685nam a2200205Ia 4500003000900000008004100009040001600050080001700066100002100083245008000104260003600184300001000220650004100230650002300271650002200294650001400316942000700330999001500337952012700352IN-BaIIA211028s9999 xx 000 0 eng d cIIA Library a523.741bJAG aJager, Dec96273 4aThe structure of the quiet photosphere and the low chromospherecDec Jager  aNew YorkbSpringer-Verlagc1968 a240p. aAstronomy and Astrophysics Thesaurus aChromosphere95508 aPhotosphere96274 aSun91200 cBK c3545d3545 00104070aBANbKODcGENd1970-07-27g75.60l0o523.741/JAGp3960r2021-11-05v75.60w1970-07-27yBKGRs. 75.60